000 00340nam a2200145Ia 4500
008 210210b1964 xxu||||| |||| 00| 0 eng d
082 _a821.008 SMIM
100 _aSMITH (Donald A).
245 _aMagic wand.
260 _aN D
_bB I Publications
_c1964
300 _avi,47
650 _aPoems
690 _aEnglish Poetry
906 _a041288
999 _c90788
_d90788